000 00477nam a22001577a 4500
020 _a81-85384-16-9
082 _a355.33041954
_bSOD
100 _aBrigadier H S Sodhi
_948755
245 _aTop Brass A Critical Appraisal of the Indian Military Leadership
260 _aIndia|
_bTrishul Publications
300 _a300 p. :
_bill. :
_c10 Cm
526 _a0
_b0
_c0
_d355_330419540000000_SOD
526 _a0
_b0
_c0
_d355_330419540000000_SOD
650 _aMCE
_9379
942 _2ddc
_cBK
999 _c551606
_d551606